00265nam a22000977a 4500008004100000082001600041100002200057245003300079260004600112300000900158230620b xxu||||| |||| 00| 0 eng d a320.94bNOU cJaakko Nousiainen aThe Finnish Political System aCambridgebHarvard University pressc1971 a454p